00910nam a2200277 i 450000500170000000700030001700800410002002000150006104000350007604100080011104300120011908400120013124501030014325000220024626400360026830000390030433600270034333700330037033800280040349000210043165000330045265000350048565000310052070000490055170000320060020220316235736.0ta200417s1991 sp a gr 000 j spa d a8478840370 aCO-BoRNBPbspaerdacCO-BoRNBP0 aspa as-ck--- aC CUE3200aCuentos brasileñoscJoaquim Machado ... [y otros dos] ; cubierta e ilustraciones, Marcelo Spotti aPrimera edición 1aMadridbEditorial popularc1991 a96 páginasbilustracionesc20 cm atextobtxt2rdacontent asin mediaciónbn2rdamedia avolumenbnc2rdacarrier0 aLetra grandev2717aCuentos brasileños2ARMARC17aLiteratura brasileña2ARMARC17aAventurasvCuentos2ARMARC1 aMachado de Assis, Joaquim Maríad1839-19081 aSpotti, Marceloeilustrador